[Event "Tarrega Lleida op"]
[Site "Tarrega"]
[Date "2017.04.22"]
[Round "1.1"]
[White "Campos Olaya, Israel"]
[Black "Borras Burgues, Jordi"]
[Result "1-0"]
[WhiteElo "2165"]
[BlackElo "1427"]
[PlyCount "51"]
[EventDate "2017.04.22"]
[EventType "swiss"]
[EventRounds "8"]
[EventCountry "ESP"]
[SourceTitle "EXT 2024"]
[Source "ChessBase"]
[SourceDate "2023.10.10"]
[SourceVersion "1"]
[SourceVersionDate "2023.10.10"]
[SourceQuality "1"]

1. d4 b6 2. e4 Bb7 3. Bd3 e6 4. Nf3 Ne7 5. 0-0 d5 6. e5 Ba6 7. Bxa6 Nxa6 8. c3 Ng6 9. Qa4+ Qd7 10. Qxa6 c5 11. Na3 cxd4 12. cxd4 Ne7 13. Bd2 Nc6 14. Rfc1 Bxa3 15. Qxa3 a5 16. Rc2 f6 17. Rac1 Na7 18. Rc7 Qd8 19. exf6 gxf6 20. Qe3 Qd6 21. Qh6 Nb5 22. Bf4 e5 23. Qh5+ Kd8 24. Nxe5 Qe6 25. Nf7+ Ke8 26. Nd6+ 1-0

[Event "Lleida op"]
[Site "Lleida"]
[Date "2016.06.11"]
[Round "8.10"]
[White "Sole Monistrol, Francisco"]
[Black "Borras Burgues, Jordi"]
[Result "1-0"]
[WhiteElo "1805"]
[BlackElo "1392"]
[PlyCount "65"]
[EventDate "2016.04.23"]
[EventType "swiss"]
[EventRounds "9"]
[EventCountry "ESP"]
[SourceTitle "EXT 2024"]
[Source "ChessBase"]
[SourceDate "2023.10.10"]
[SourceVersion "1"]
[SourceVersionDate "2023.10.10"]
[SourceQuality "1"]

1. d4 b6 2. Nf3 Bb7 3. e3 e6 4. a3 Ne7 5. Be2 Ng6 6. 0-0 Bd6 7. c4 Nh4 8. Nbd2 0-0 9. b4 c5 10. dxc5 bxc5 11. Nb3 Qc7 12. Nxh4 Bxh2+ 13. Kh1 Qe5 14. Nf3 Bxf3 15. Bxf3 d5 16. bxc5 Nc6 17. Nd4 Nxd4 18. Qxd4 Rac8 19. Bb2 Qxd4 20. exd4 Bf4 21. cxd5 exd5 22. Bxd5 Rfd8 23. Ba2 Rc6 24. g3 Rh6+ 25. Kg2 Bc7 26. Rad1 Kf8 27. Bc3 f5 28. d5 Rc8 29. d6 Bd8 30. Bd2 Rg6 31. Rc1 h5 32. Rfe1 h4 33. d7 1-0

[Event "Lleida Province-chB"]
[Site "Lleida"]
[Date "2011.10.12"]
[Round "2"]
[White "Borras Burgues, Jordi"]
[Black "Fortuny Profitos, Jordi"]
[Result "0-1"]
[WhiteElo "1411"]
[BlackElo "1740"]
[PlyCount "74"]
[EventDate "2011.10.09"]
[EventType "swiss"]
[EventRounds "9"]
[EventCountry "ESP"]
[SourceTitle "EXT 2017"]
[Source "ChessBase"]
[SourceDate "2016.10.25"]
[SourceVersion "1"]
[SourceVersionDate "2016.10.25"]
[SourceQuality "1"]

1. e4 e5 2. Ne2 Nf6 3. Ng3 Bc5 4. d3 d5 5. Bg5 h6 6. Bxf6 Qxf6 7. Qf3 Qxf3 8. gxf3 dxe4 9. fxe4 Nc6 10. Nd2 Nb4 11. Ke2 Nxc2 12. Nb3 Nxa1 13. Nxc5 Nc2 14. Bg2 b6 15. Rc1 Nd4+ 16. Ke3 bxc5 17. Rxc5 Ne6 18. Rxe5 0-0 19. Bh3 Rb8 20. b3 a6 21. Nf5 Rb5 22. Ne7+ Kh8 23. Nd5 c6 24. a4 Ra5 25. b4 Rxa4 26. Nb6 Rxb4 27. Nxc8 Rxc8 28. Bxe6 fxe6 29. Rxe6 a5 30. h4 a4 31. Rg6 Rb1 32. f4 a3 33. Rg2 Rb2 34. Rg1 Ra8 35. f5 a2 36. f6 gxf6 37. Rg6 a1Q 0-1

[Event "Balaguer op 16th "]
[Site "Balaguer"]
[Date "2011.07.20"]
[Round "4"]
[White "Borras Burgues, Jordi"]
[Black "Puig Carres, Josep"]
[Result "0-1"]
[WhiteElo "1394"]
[BlackElo "1838"]
[PlyCount "84"]
[EventDate "2011.07.17"]
[EventType "swiss"]
[EventRounds "9"]
[EventCountry "ESP"]
[SourceTitle "CBM 143 Extra"]
[Source "ChessBase"]
[SourceDate "2011.08.29"]
[SourceVersion "1"]
[SourceVersionDate "2011.08.29"]
[SourceQuality "1"]

1. e4 e6 2. Ne2 d5 3. Ng3 b6 4. Be2 dxe4 5. Nxe4 Be7 6. Bf3 c6 7. d4 Ba6 8. Bf4 Qd7 9. Nbc3 Nf6 10. Nxf6+ Bxf6 11. Be5 Bxe5 12. dxe5 Bb7 13. Qd6 Qxd6 14. exd6 0-0 15. 0-0-0 Nd7 16. Rd2 Rfd8 17. Re1 Nf6 18. b4 Nd5 19. Nxd5 cxd5 20. Re3 Rxd6 21. a4 Rc8 22. Be2 Rdc6 23. f4 g6 24. g3 Kg7 25. Kb2 h5 26. h4 R6c7 27. Bd3 Rc3 28. Rg2 d4 29. Ree2 Bxg2 30. Rxg2 Kf6 31. Re2 Ke7 32. Re4 Rd8 33. Re1 a5 34. b5 f5 35. Re2 Kf6 36. Re1 Rd5 37. Re2 e5 38. Rg2 e4 39. Bf1 Re3 40. Bc4 Rc5 41. Bb3 d3 42. c4 Re2+ 0-1

[Event "Tancats de l'Urgell E"]
[Site "Tarrega"]
[Date "2011.04.29"]
[Round "3.2"]
[White "Borras Burgues, Jordi"]
[Black "Anaya Ibars, Genis"]
[Result "0-1"]
[WhiteElo "1751"]
[BlackElo "1756"]
[PlyCount "56"]
[EventDate "2011.04.08"]
[EventType "tourn"]
[EventRounds "9"]
[EventCountry "ESP"]
[SourceTitle "EXT 2023"]
[Source "ChessBase"]
[SourceDate "2022.10.05"]
[SourceVersion "1"]
[SourceVersionDate "2022.10.05"]
[SourceQuality "1"]

1. e4 c6 2. d3 d5 3. Ne2 dxe4 4. Ng3 exd3 5. Bxd3 Nf6 6. 0-0 e6 7. Bg5 Nbd7 8. Re1 h6 9. Rxe6+ fxe6 10. Bg6+ Ke7 11. Nf5+ exf5 12. Qe2+ Kd6 13. Bf4+ Kc5 14. Qe3+ Kb5 15. Bxf5 Nc5 16. a4+ Ka6 17. Qe2+ b5 18. axb5+ Kb6 19. Bd2 Qe8 20. Be3 Qe5 21. Bxc8 Rxc8 22. Ra6+ Kb7 23. bxc6+ Rxc6 24. Ra5 Bd6 25. f4 Qe8 26. b4 Ra6 27. Rxc5 Bxc5 28. Bxc5 Qxe2 0-1

[Event "Tancats de l'Urgell E"]
[Site "Tarrega"]
[Date "2011.04.08"]
[Round "1.3"]
[White "Borras Burgues, Jordi"]
[Black "Mirchov Tsvetkov, Ivan"]
[Result "1-0"]
[WhiteElo "1751"]
[BlackElo "1784"]
[PlyCount "97"]
[EventDate "2011.04.08"]
[EventType "tourn"]
[EventRounds "9"]
[EventCountry "ESP"]
[SourceTitle "EXT 2023"]
[Source "ChessBase"]
[SourceDate "2022.10.05"]
[SourceVersion "1"]
[SourceVersionDate "2022.10.05"]
[SourceQuality "1"]

1. e4 c5 2. Ne2 Nc6 3. Nbc3 e5 4. Ng3 d6 5. Nd5 Nf6 6. Be2 g6 7. Bb5 Bd7 8. c3 Bg7 9. d3 h6 10. 0-0 a6 11. Bc4 b5 12. Bb3 a5 13. Nxf6+ Bxf6 14. Bd5 Rb8 15. a4 b4 16. f4 h5 17. fxe5 Nxe5 18. Bf4 Ng4 19. Bxd6 Ne3 20. Qf3 Nxf1 21. Rxf1 h4 22. Ne2 h3 23. e5 hxg2 24. Rf2 Bf5 25. Bc6+ Bd7 26. Bxd7+ Kxd7 27. Bxb8 Qxb8 28. Qxf6 Rh7 29. Kxg2 bxc3 30. Nxc3 Qb7+ 31. Qf3 Qc7 32. Qd5+ Ke8 33. Ne4 Kf8 34. Qxc5+ Qxc5 35. Nxc5 Ke7 36. Rf6 Rh5 37. d4 Rh4 38. Nb3 Re4 39. Nxa5 Re2+ 40. Rf2 Re4 41. Nc6+ Ke6 42. a5 Kd5 43. Rc2 Rg4+ 44. Kh3 Re4 45. a6 Re3+ 46. Kg2 Re1 47. a7 Ra1 48. Rc5+ Ke4 49. Ra5 1-0